000 00592nam a2200205Ii 4500
001 14770
003 CO-ViMGA
008 241108s9999||||xx |||||||||||||| ||und||
020 _a9789588319056
040 _aCO-ViMGA
_bspa
_erda
_cCO-ViMGA
041 0 _aspa
082 0 4 _a302.2320 M33l
245 1 0 _aEl medio es el diseño audiovisual
264 1 _aBogotá, Colombia : Universidad de Caldas, 2007
300 _avolumen
336 _atext
_btxt
_2rdacontent
337 _aunmediated
_bn
_2rdamedia
338 _avolume
_bnc
_2rdacarrier
940 _aidficha_siabuc: 14462. -- ficha_no_siabuc:14770
999 _c48753
_d48753